000 00539nam a2200193Ia 4500
003 OSt
005 20200206153616.0
008 190216s9999||||xx |||||||||||||| ||und||
020 _a9788172049218
020 _a9788182716261
040 _coclc
082 _a297.61
_bABD/K
100 _aAbdulla, O
_91873
245 0 _aKhalidubnul Valeed /
_cO Abdulla
260 _bIslamic Publishing House,
_c2003.
_aKozhikode:
300 _a98p
650 _aIslamic History
942 _cBK
_2ddc
_h297.61
_iABD/K
_k297.61
_mABD/K
999 _c22714
_d22714